MDQL
is popping MORE tags! Check the
thread
!
Quizzes
Events
Quiz Creation
Community
Videos
Private Events
Remove Ads
Sign In
Join for FREE
Feedback
Dark Mode
Quiz Categories
Sports
Geography
Music
Movies
Television
Just For Fun
Miscellaneous
History
Literature
Language
Science
Gaming
Entertainment
Religion
Holiday
For Kids
Quiz Lab
Recent
Popular Today
Quiz Kudos Today
Editor Picks
Curator Picks
Quizzes by...
Day
Popularity
Type
Ratings
Length
Year
Community
Subscriptions
Recent Discussions
Orange Saloon
Badges
Playlists
Quests
Create
Leaderboards
Showdown
Live 5
Trivia Bingo
Activity
Puzzle Library
Sporcle Events
Private Events
Virtual Trivia
Globe League
Become a Host
Pub Owners
SporcleCon
Opinionation
Our Games
Videos
Blog
Mobile Apps
Partnerships
Remove Ads and Go Orange
Feedback
Sports
Athletes
MLB
NBA
NHL
NFL
Soccer
Sports Teams
WWE
NCAA
Football
Premier League
Basketball
Baseball
Hockey
Golf
Tennis
Cricket
Rugby
Auto Racing
Olympics
World Cup
Sports
Athletes
MLB
NBA
NHL
NFL
Soccer
Sports Teams
WWE
NCAA
Football
Premier League
Basketball
Baseball
Hockey
Golf
Tennis
Cricket
Rugby
Auto Racing
Olympics
World Cup
Random Quiz
Search Sporcle
×
Quiz Lab
Quiz Lab
Sports
Football
Type in answers that appear in a list
Type in answers that appear in a list
Classic
Best Score? Go Orange.
South Africa 2010 World Cup Squad Stats
Can you name the South Africa 2010 World Cup squad?
By
PaddyofDeath
5m
23 Questions
90 Plays
90 Plays
90 Plays
Comments
Comments
Give Quiz Kudos
Give Quiz Kudos
-
- Ratings
hide this ad
More Info
Replay
Link that replays current quiz
Next Quiz
Link to next quiz in quiz playlist
You Got
0%
They Got
Avg Score
51%
Avg Friend Score
Upgrade to see
Score Distribution
Jump to the score distribution portion of the page
Score
0/23
Timer
05:00
0
Plays Today
Position
Player
% Correct
MF
Siphiwe Tshabalala
96.7%
MF
Stephen Pienaar
92.2%
GK
Itumeleng Khune
82.2%
DF
Aaron Mokoena
74.4%
FW
Katlego Mphela
70%
MF
Kagisho Dikgacoi
62.2%
DF
Matthew Booth
62.2%
GK
Moeneeb Josephs
60%
FW
Bernard Paker
57.8%
DF
Siboniso Gaxa
56.7%
DF
Bongani Khumalo
54.4%
GK
Shu-Aib Walters
46.7%
Position
Player
% Correct
MF
MacBeth Sibaya
45.6%
MF
Thanduyise Khuboni
42.2%
MF
Reneilwe Letsholonyane
41.1%
DF
Tsepo Masilela
37.8%
MF
Teko Modise
35.6%
FW
Siyabonga Nomvethe
35.6%
DF
Anele Ncongca
31.1%
MF
Lance Davids
28.9%
DF
Siyabonga Sangweni
26.7%
MF
Surprise Moriri
25.6%
DF
Lucas Thwala
8.9%
Quiz Playlist
Details
Report
Send in Message
Add To Playlist
More Info:
Can you name all of the players in the South Africa 2010 World Cup squad?
Classic:
Type in answers that appear in a list
Quiz Source
Last Updated: Feb 16, 2017
Quiz Scoreboard
CHALLENGE
Sign Up to Join the Scoreboard
Show All
Scores
Hide
Comments
May contain spoilers
Recently Published
Image Sorting: Flags VI
by Barbecue
Geography
2m
Find the 'City' Movie
by crazypaving
Movies
60s
Colored Red Africa Blitz
by spor1
Geography
45s
More to Explore
Quiz From the Vault
Featured Blog Post
14 Easter Pick-up Lines to Find Eggs With
hide this ad
You Might Also Like...
Tags
Africa Quiz
Football Quiz
World Quiz
2010
club
cup
Player
south
South Africa
Squad
team
Today's Top Quizzes in Sports
Browse Sports
hide this ad
Today's Top Quizzes in Football
Browse Football
Top Contributed Quizzes in Sports
1
Les meilleurs buteurs des matchs entre le PSG et l’OM
2
Les entraîneurs de l'OM et du PSG au 21e siècle
3
Les joueurs passés par le PSG et l'OM
4
2022 World Cup Stars
5
Players with Multiple 50 Home Run Seasons
6
Criteria MLB: Left Handed Sluggers
7
Les joueurs passés par le LOSC et le RC Lens
8
NBA Logic Puzzle 2.0
9
MLB Players with Two .350 Batting Average Seasons
10
FIFA Club World Cup Champions
Explore More
Trending Topics
Marvel
Harry Potter
NBA
Anime
Disney
Crossword
Kpop
Soccer
NFL
The Office
Pokémon
Song
WWE
Country
Puzzle
hide this ad
More By:
PaddyofDeath
Quiz
Plays
Rating
Category
Featured
Created
Starting XIs World Cup 2010
5,211
5.00
Sports
Dec 23, 2010
Fifa 12 Top Rated Footballers
5,089
4.75
Sports
Oct 29, 2011
Serbia 2010 World Cup Squad
506
2.50
Sports
Jul 2, 2010
Top 6 Football Teams of World Leagues 2009/10
386
5.00
Sports
Apr 18, 2011
Bosnia and Herzegovina National Players
177
Sports
Dec 21, 2010
Go to Creator's Profile
Score Distribution
Quiz Creator Spotlight
PaddyofDeath
Follow
Send a Message
Quizzes Created
-
Created Quiz Play Count
-
More By This Creator
Popular Quizzes Today
1
Colored Red Africa Blitz
2
Find the US States - No Outlines Minefield
3
Find the 'City' Movie
4
5x2 Blitz: Bands
5
The Countries of the World
6
Find the US States
7
Find the Countries of Europe - No Outlines Minefield
8
US States
More Sports Quizzes
European Championship Top Scorers
Quiz Lab
Trending Quizzes
Colored Red Europe Blitz I
Colored Red Europe Blitz II
Colored Red Africa Blitz II
Colored Red Europe Blitz III
Colored Red Africa Blitz III
Recently Updated
How Do You Spell That?
pecheneg
Godzilla Movies
pecheneg
Grab Bag: 4-10 Letters
pecheneg
2024 March Madness Bracket
pecheneg
Famous TV Couples
Peacemaker
Champions League XIs: Real Madrid
pecheneg
Largest US Cities 1790-2010
pecheneg
Rides in Walt Disney World
pecheneg
Most Oscar Losses (Acting)
pecheneg
Beyoncé Albums
pecheneg
Trending Topics
Marvel
Harry Potter
Crossword
NBA
Anime
Disney
Kpop
The Office
Soccer
WWE
NFL
Pokémon
Song
Country
Puzzle
Your Account Isn't Verified!
In order to create a playlist on Sporcle, you need to verify the email address you used during registration. Go to your
Sporcle Settings
to finish the process.
Report this User
Report this user for behavior that violates our
Community Guidelines
.
Details:
Send Report
Go to the Sporcle.com Mobile Site →
Comments